| 000 | 01037nam a22002537a 4500 | ||
|---|---|---|---|
| 005 | 20170124103220.0 | ||
| 010 | _aB-044445 | ||
| 020 | _c98.00 | ||
| 035 | _aB-044445 | ||
| 037 | _bCen Lib/Ret | ||
| 040 |
_aDPL _bHN |
||
| 082 |
_a910 _bउपका |
||
| 110 |
_aआगरा.उपकार प्रकाशन _9100829 |
||
| 245 |
_aउपकार : प्रैक्टिस वर्क-बुक : _bभूगोल / |
||
| 246 | _aUpkar : practice work-book : Bhugol / | ||
| 260 |
_aआगरा _bउपकार प्रकाशन |
||
| 270 |
_a2/11ए, स्वदेशी बीमा नगर (शाह सिनेमा के सामने) _bआगरा _e282 002 |
||
| 300 |
_avii,264पृ. _c24सेमी(सजिल्द) |
||
| 650 |
_aभूगोल _9134719 |
||
| 650 |
_aभूगोल -- प्रैक्टिस पेपर _92406 |
||
| 650 |
_aGeography _9134720 |
||
| 650 |
_aGeography - Practice Paper _9100832 |
||
| 942 |
_2ddc _cHN _h910 _mउपका |
||
| 999 |
_c121774 _d121774 |
||